Chelsea Squad 2024/2025 - Statistics

General Stats
  • This quiz has been taken 6 times
  • The average score is 32 of 48
Answer Stats
Position Country Number Answer % Correct
CB France 5 Badiashile
100%
CDM Ecuador 25 Caicedo
100%
LB Spain 3 Cucurella
100%
CM Argentina 8 Fernandez
100%
CB France 29 Fofana
100%
RB France 27 Gusto
100%
RB England 24 James
100%
RW Ukraine 10 Mudryk
100%
CAM England 20 Palmer
100%
CB England 4 Adarabioyo
83%
GK England 13 Bettinelli
83%
CM Italy 31 Casadei
83%
LB England 21 Chilwell
83%
CB England 6 Colwill
83%
CB France 2 Disasi
83%
CF Portugal 14 Felix
83%
ST Senegal 15 Jackson
83%
GK Denmark 12 Jorgensen
83%
CDM Belgium 45 Lavia
83%
RW England 11 Madueke
83%
LW Portugal 7 Neto
83%
CAM France 18 Nkunku
83%
GK Spain 1 Sanchez
83%
ST Brazil 36 Washington
83%
GK Finland 47 Bergstrom
67%
CM England 17 Chukwuemeka
67%
LW England 32 George
67%
ST Spain 38 Guiu
67%
LW England 19 Sancho
67%
CB England 34 Acheampong
50%
LW England 55 Ampah
50%
CB Argentina 30 Anselmino
50%
ST England 76 Mhueka
50%
CB Portugal 40 Veiga
50%
LW England 81 Walsh
50%
CDM France 39 Amougou
33%
LB Sweden 64 Antwi
33%
GK England 43 Curd
33%
CDM England 22 Dewsbury-Hall
33%
CDM England 33 Dyer
33%
LB England 72 Emenalo
33%
GK England 50 Merrick
33%
CB England 59 Murray-Campbell
33%
RB England 49 Olise
33%
CM England 51 Rak-Sakyi
33%
LB England 62 Samuels-Smith
33%
CAM England 43 Vale
33%
CB England 63 Wilson
17%
No matching quizzes found
Score Distribution
Percent of People with Each Score
Percentile by Number Answered
Your Score History
You have not taken this quiz